| 000 | 00479nam a2200169 i 4500 | ||
|---|---|---|---|
| 001 | 70739 | ||
| 003 | ES-MaACL | ||
| 005 | 20230906170915.0 | ||
| 007 | t| | ||
| 008 | 040802s1978 sp ||||1| spa d | ||
| 100 | 1 |
_aGarmendia y Miangolarra, J. Ignacio. _955589 |
|
| 245 | 1 | 0 |
_aDiccionario de Bolsa / _cJ. Ignacio Garmendia y Miangolarra. |
| 250 | _a[2ª ed.]. | ||
| 260 |
_aMadrid : _bPirámide, _c[1978] |
||
| 300 |
_a206 p. ; _c18 cm. |
||
| 852 |
_aES-MaACL _jA-9332 _bR.98479 |
||
| 999 |
_c70739 _d70739 |
||